000 00453nam a22001457a 4500
003 SGT
082 _a617.3
_bS25L
100 _aLUCKWAL, LAKHAN
245 _aA STUDY TO COMPARE THE EFFECTIVENESS OF SUBOCCIPITAL MUSCLE INHINITION AND MULLIGAN DENT LEG RAISE TECHNIQUE ON HAMSTRING TIGHTNESS AMONG PROLONGED DESK JOB WORKERS
260 _aGURUGRAM
_bSGT UNIVERSITY
_c2025
300 _a77
650 _aORTHOPEDICS
653 _aMPT
942 _2ddc
_cTH
999 _c32598
_d32598